000 01090naa a2200205 i 4500
001 8904
003 KOSZ 005
005 20180327141833.0
008 140905s2011 pl f |000 0 pol
040 _cBPK
_dKOSZ 005/EG
044 _aPOL
080 _a663.4
100 1 _aDUTKIEWICZ, Daniel.
_d1999 - .
_bPolitechnika Koszalińska - Wydział Mechaniczny,
_cKatedra Procesów i Urządzeń Przemysłu Spożywczego
245 1 0 _aWydajność technologiczna maszynowego odgławiania ryb w zależności od sposobu pomiaru parametrów sterowania i rodzaju cięcia /
_cDaniel Dutkiewicz, Tadeusz Bil, Andrzej Dowgiałło.
650 0 _aPrzemysł rybny.
700 1 _aBIL, Tadeusz.
_bPolitechnika Koszalińska - Wydział Mechaniczny,
_cKatedra Inżynierii Spożywczej i Tworzyw Sztucznych
_d1996 - .
700 1 _aDOWGIAŁŁO, Andrzej.
_bPolitechnika Koszalińska - Wydział Mechaniczny,
_cKatedra Procesów i Urządzeń Przemysłu Spożywczego
_d2006 - .
773 0 _iW :
_tZeszyty Problemowe Postępów Nauk Rolniczych. -
_g2011, Z. 563, s. 67-74
_x0084-5477
942 _cART
_2UKD
999 _c8904
_d8904